Представление документа в формате RUSMARC

ПолеНазваниеЗначение
  Тип записи a
  Библиографический уровень m
001 Контрольный номер RU/УОНБ/EK_INO/400419914
005 Дата корректировки 20240131005119.2
100 Данные общей обработки __
a Данные общей обработки 20120908d1920 u y0gery018901 ba
101 Язык документа 0_
a Язык текста ger
102 Страна публикации __
a Страна публикации DE
105 Кодированные данные (монография) __
a Кодированные данные (монография) a z 000yy
200 Заглавие и сведения об ответственности 1_
a Заглавие Die sechs Bucher der Kunst
f Первые сведения об ответственности hrsg. von A.E. Brinckmann
210 Выходные данные 1_
a Место издания Wildpark-Potsdam
c Издательство Akademische Verlagsanstalt Athenaion m.b.H.
d Дата издания [S. a.]
215 Физическое описание __
d Формат 29 cm
686 Индексы других классификаций __
a Классификационный индекс 85
702 Вторичная интеллектуальная ответственность _1
a Фамилия Brinckmann
b Имя (инициалы) A.E.
4 Код отношения 340
801 Источник записи _0
a Страна RU
b Организация Ульяновская ОНБ
c Дата составления 20120908
g Правила каталогизации RCR
801 Источник записи _1
a Страна RU
b Организация Ульяновская ОНБ
c Дата составления 20120908
g Правила каталогизации RCR
901 Тип документа __
t Тип документа v
909 Создатель записи __
a Создатель записи Рязанова
938 Служебная информация __
a Имя БД ino
b Имя библиотеки УОНБ
c Имя АИБС МАРК-SQL
d Номер DOC_ID в БД 9312